书目信息 |
| 书名: | Speech by chairman of the delegation of the People’s Republic of China, Teng Hsiao-ping, at the special session of the U.N. General Assembly, April 10, 1974 | |
| 作者: | ||
| 分册号: | ||
| 分册名: | 出版地: | Peking : |
|
| 出版社: | Foreign Languages Press | |
| 出版时间: | 1974. | |
| 页数: | 22 p. ; | |
| 开本: | 19 cm. | |
| 丛书名: | ||
| 中图分类号: | ||
| 科图分类号: | ||
| 其他分类号: | H31:D60 | |
| 主题词: | ||
| 电子资源: | ||
| 000 | 01302cam a2200313 i 450 | |
| 001 | E0752540228 | |
| 005 | 20070725111637.70 | |
| 008 | 750513s1974 cc 000 0 eng | |
| 010 | @a75307750 | |
| 035 | @A(DLC) 75307750 | |
| 040 | @aDLC@cDLC@dDLC | |
| 041 | 1 | @aeng@hchi |
| 043 | @ad------ | |
| 050 | 00 | @aHF1413@b.T4513 |
| 082 | 00 | @a382.1 |
| 090 | @aH31:D60 | |
| 099 | @dH31:D60@ex1 | |
| 100 | 1 | @aDeng, Xiaoping,@d1904-1997. |
| 240 | 10 | @aDeng Xiaoping tuan zhang zai Lian he guo da hui di liu jie te bie hui yi shang de fa yan.@lEnglish |
| 245 | 10 | @aSpeech by chairman of the delegation of the People’s Republic of China, Teng Hsiao-ping, at the special session of the U.N. General Assembly, April 10, 1974. |
| 260 | @aPeking :@bForeign Languages Press,@c1974. | |
| 300 | @a22 p. ;@c19 cm. | |
| 500 | @aTranslation of: Deng Xiaoping tuan zhang zai Lian he guo da hui di liu jie te bie hui yi shang de fa yan. | |
| 650 | 0 | @aInternational economic relations. |
| 651 | 0 | @aDeveloping countries@xForeign economic relations. |
| 740 | 0 | @aSpeech by chairman of the delegation of the People’s Republic of China, Teng Hsiao-ping ... |
| 906 | @a7@bcbc@corignew@d4@encip@f19@gy-gencatlg | |
| 987 | @aPINYIN@bDLC@c20030417@dc | |
| 991 | @bc-GenColl@hHF1413@i.T4513@tCopy 1@wBOOKS | |
| Speech by chairman of the delegation of the People’s Republic of China, Teng Hsiao-ping, at the special session of the U.N. General Assembly, April 10, 1974.-Peking : : Foreign Languages Press, , 1974. |
| 22 p. ; ; 19 cm. |
| Translation of: Deng Xiaoping tuan zhang zai Lian he guo da hui di liu jie te bie hui yi shang de fa yan. |
| ISBN |
| ● |
| 相关链接 |
|
|
|
|
正题名:Speech by chairman of the delegation of the People’s Republic of China, Teng Hsiao-ping, at the spe
索取号:H31:D60/x1
 
预约/预借
| 序号 | 登录号 | 条形码 | 馆藏地/架位号 | 状态 | 备注 |
| 1 | 0014090 | 300140906 | 密集书库/ [索取号:H31:D60/x1] | 在馆 | |
| 2 | 01570 | 001177899 | 第四借阅区/ [索取号:H31:D60/x1] | 在馆 | |
| 3 | 01571 | 001177906 | 第四借阅区/ [索取号:H31:D60/x1] | 在馆 | |
| 4 | 13582 | 300135823 | 密集书库/ [索取号:H31:D60/x1] | 在馆 |